[Event "35. Kieler Open 2023"]
[Site "Kiel"]
[Date "2023.08.03"]
[Round "8.6"]
[White "Basener, Winfried"]
[Black "Dreesen, Jan"]
[Result "0-1"]
[WhiteElo "2001"]
[BlackElo "2175"]
[PlyCount "156"]
[EventDate "2023.??.??"]

1. e4 d5 2. Nc3 d4 3. Nce2 e5 4. Nf3 Nc6 5. Ng3 Be6 6. Bb5 f6 7. Bxc6+ bxc6 8.
d3 Bb4+ 9. Nd2 Nh6 10. O-O Nf7 11. Ne2 g5 12. Ng3 Nd6 13. b3 Qd7 14. Qh5+ Ke7
15. h3 Rag8 16. Nf3 Nf7 17. Nh2 Rg6 18. Qe2 h5 19. f3 Rh7 20. Bd2 Bd6 21. Nf5+
Bxf5 22. exf5 Qxf5 23. Qe4 Qxe4 24. fxe4 g4 25. hxg4 hxg4 26. g3 Ke6 27. Kg2
Bf8 28. Rh1 c5 29. Rag1 Bh6 30. Bxh6 Rhxh6 31. Nf1 Ng5 32. Rxh6 Rxh6 33. Nd2
Rh8 34. Rf1 Rh6 35. Rf5 Kd7 36. Rf1 Kc6 37. Rh1 Rxh1 38. Kxh1 Kb5 39. Kg2 Kb4
40. Nb1 Nf3 41. Kf2 Kb5 42. Ke2 Kc6 43. Na3 Ng5 44. Nc4 Nf7 45. Nd2 Kd7 46. Nf1
Ke6 47. Nh2 Nh6 48. Nf1 f5 49. exf5+ Nxf5 50. Kd2 Ne7 51. a4 Kf5 52. Ke2 Nc8
53. Nd2 Nd6 54. Nf1 e4 55. dxe4+ Kxe4 56. Nd2+ Kd5 57. Kd3 Nf7 58. Nf1 Ne5+ 59.
Ke2 c4 60. Nh2 cxb3 61. cxb3 a5 62. Nf1 c5 63. Nd2 c4 64. bxc4+ Nxc4 65. Nb3
Ke5 66. Nc5 Nb2 67. Nb3 Ke4 68. Nxa5 Nxa4 69. Nc4 Nc3+ 70. Kd2 Kf3 71. Kd3 Nb5
72. Ne5+ Kxg3 73. Kc4 Kf4 74. Nd3+ Ke3 75. Ne1 Nd6+ 76. Kd5 d3 77. Ke5 d2 78.
Nc2+ Kf2 0-1

[Event "35. Kieler Open 2023"]
[Site "Kiel"]
[Date "2023.08.03"]
[Round "8.7"]
[White "Wunder, Niklas"]
[Black "Vollbehr, Bjarne"]
[Result "1-0"]
[WhiteElo "2070"]
[BlackElo "1827"]
[PlyCount "65"]
[EventDate "2023.??.??"]

1. d4 Nf6 2. c4 g6 3. Nc3 d5 4. Nf3 Bg7 5. Qb3 dxc4 6. Qxc4 O-O 7. e4 Nc6 8.
Be2 e5 9. d5 Nd4 10. Nxd4 exd4 11. Qxd4 c6 12. Qc4 b5 13. Qxc6 Bd7 14. Qd6 Re8
15. e5 Ng4 16. e6 fxe6 17. h3 Nf6 18. O-O b4 19. Qxb4 Nxd5 20. Nxd5 exd5 21.
Bf3 Bf5 22. Rd1 Be4 23. Bxe4 Rxe4 24. Qxe4 dxe4 25. Rxd8+ Rxd8 26. Be3 a6 27.
Rb1 Rc8 28. b4 Rc2 29. a4 Ra2 30. b5 Rxa4 31. b6 Be5 32. b7 Bb8 33. g3 1-0

[Event "35. Kieler Open 2023"]
[Site "Kiel"]
[Date "2023.08.03"]
[Round "8.8"]
[White "Lutze, Max"]
[Black "Forster, Lukas"]
[Result "1-0"]
[WhiteElo "1936"]
[BlackElo "2053"]
[PlyCount "87"]
[EventDate "2023.??.??"]

1. e4 c5 2. Nf3 d6 3. d4 cxd4 4. Nxd4 Nf6 5. Nc3 a6 6. h3 e5 7. Nde2 h5 8. g3
Be6 9. Bg2 b5 10. Be3 Be7 11. O-O Nbd7 12. a4 b4 13. Nd5 Bxd5 14. exd5 O-O 15.
c3 bxc3 16. Nxc3 Rb8 17. Qe2 Qa5 18. f4 exf4 19. Bxf4 Rfe8 20. Kh1 Bf8 21. Qc2
Qb4 22. Rf2 Nc5 23. Raf1 Nce4 24. Nxe4 Nxe4 25. Re2 Nf6 26. Bg5 Rxe2 27. Qxe2
Qxb2 28. Qxa6 Nd7 29. Qd3 Ne5 30. Qf5 Qe2 31. Qf2 Qc4 32. Qf4 Qe2 33. Qd2 Qc4
34. a5 Nd3 35. Qe2 Rb2 36. Qe8 Nf2+ 37. Kg1 Qe2 38. Qd7 f6 39. Qe6+ Kh8 40. Rc1
Nxh3+ 41. Qxh3 Qf2+ 42. Kh1 fxg5 43. Qxh5+ Kg8 44. Be4 1-0

[Event "35. Kieler Open 2023"]
[Site "Kiel"]
[Date "2023.08.03"]
[Round "8.9"]
[White "Kort, Felix"]
[Black "Dittmann, Hans-Adolf"]
[Result "0-1"]
[WhiteElo "1837"]
[BlackElo "1989"]
[PlyCount "84"]
[EventDate "2023.??.??"]

1. d4 Nf6 2. c4 e6 3. Nc3 Bb4 4. Qc2 Nc6 5. Nf3 d6 6. e4 e5 7. d5 Bxc3+ 8. bxc3
Ne7 9. h3 Nd7 10. Be3 b6 11. Bd3 O-O 12. Nd2 Nc5 13. g3 Bd7 14. f4 exf4 15.
gxf4 f5 16. e5 Ba4 17. Nb3 Nxd3+ 18. Qxd3 dxe5 19. fxe5 Ng6 20. Qd4 f4 21. Bf2
Bxb3 22. axb3 Nxe5 23. O-O-O Qf6 24. h4 h5 25. Rhg1 Ng4 26. Qxf6 Rxf6 27. Bd4
Rf7 28. Rdf1 Re8 29. Kd2 c5 30. dxc6 Rc8 31. c5 Rxc6 32. cxb6 axb6 33. Rg2 b5
34. Re2 f3 35. Re8+ Kh7 36. Kd3 Rg6 37. Ke4 Nh2 38. Rf2 Rg2 39. Re5 Rxf2 40.
Rxh5+ Kg8 41. Bxf2 Ng4 42. Bd4 Nf6+ 0-1

[Event "35. Kieler Open 2023"]
[Site "Kiel"]
[Date "2023.08.03"]
[Round "8.10"]
[White "Busse, Tom Niklas"]
[Black "Guyer, Marlon"]
[Result "1/2-1/2"]
[WhiteElo "1984"]
[BlackElo "1806"]
[PlyCount "51"]
[EventDate "2023.??.??"]

1. d4 Nf6 2. Nf3 e6 3. g3 d5 4. Bg2 Be7 5. O-O O-O 6. c4 dxc4 7. Qc2 a6 8. a4
Bd7 9. Qxc4 Bc6 10. Bg5 Bd5 11. Qc2 Be4 12. Qc1 h6 13. Bxf6 Bxf6 14. Rd1 a5 15.
Nc3 Bxf3 16. Bxf3 c6 17. Ne4 Be7 18. Nc5 Qc7 19. Qc4 Na6 20. Nxa6 Rxa6 21. d5
exd5 22. Rxd5 Rd8 23. Rad1 Raa8 24. Bh5 Bf6 25. e4 Rac8 26. Rxd8+ 1/2-1/2

[Event "35. Kieler Open 2023"]
[Site "Kiel"]
[Date "2023.08.03"]
[Round "8.11"]
[White "Olde, Henning"]
[Black "Helms, Finn"]
[Result "0-1"]
[WhiteElo "1792"]
[BlackElo "1966"]
[PlyCount "42"]
[EventDate "2023.??.??"]

1. f4 d5 2. Nf3 Nf6 3. e3 c5 4. d4 Nc6 5. c3 cxd4 6. exd4 Bf5 7. Bd3 e6 8. O-O
Bd6 9. Qe2 O-O 10. Nbd2 Bxd3 11. Qxd3 Bxf4 12. Nh4 Bxd2 13. Bxd2 Ne4 14. Be1
Qb6 15. Kh1 Qxb2 16. Rb1 Qxa2 17. Rxb7 Qc4 18. Qf3 f5 19. Kg1 Qa6 20. Rc7 Qb6
21. Rd7 Ne5 0-1

[Event "35. Kieler Open 2023"]
[Site "Kiel"]
[Date "2023.08.03"]
[Round "8.12"]
[White "Braeutigam, Alexander"]
[Black "Kieselbach, Jannik"]
[Result "1/2-1/2"]
[WhiteElo "1943"]
[BlackElo "1757"]
[PlyCount "38"]
[EventDate "2023.??.??"]

1. d4 Nf6 2. c4 e6 3. Nc3 Bb4 4. f3 d5 5. a3 Bxc3+ 6. bxc3 c5 7. cxd5 Nxd5 8.
Qb3 O-O 9. e3 Nc6 10. Bd3 cxd4 11. cxd4 e5 12. Be4 Be6 13. Qd3 f5 14. Bxd5 Qxd5
15. Ne2 exd4 16. Nxd4 Nxd4 17. Qxd4 Qxd4 18. exd4 Rfd8 19. Be3 Rac8 1/2-1/2

[Event "35. Kieler Open 2023"]
[Site "Kiel"]
[Date "2023.08.03"]
[Round "8.13"]
[White "Topalov, Mihail"]
[Black "Riechenberg, Maximilian"]
[Result "1/2-1/2"]
[WhiteElo "1936"]
[BlackElo "1742"]
[PlyCount "60"]
[EventDate "2023.??.??"]

1. e4 e5 2. Nf3 Nc6 3. Bb5 a6 4. Ba4 Nf6 5. O-O b5 6. Bb3 Bc5 7. d3 d6 8. c3 h6
9. h3 O-O 10. Re1 Re8 11. Nbd2 Ba7 12. a4 Ne7 13. Nf1 Ng6 14. Be3 Bxe3 15. Nxe3
Bb7 16. g3 d5 17. exd5 Nxd5 18. Nxd5 Bxd5 19. Bxd5 Qxd5 20. Qe2 Rad8 21. axb5
axb5 22. Rad1 Re6 23. Qe4 Qxe4 24. dxe4 Red6 25. Rxd6 Rxd6 26. Kf1 b4 27. cxb4
Rb6 28. Nd2 Rxb4 29. b3 Nf8 30. Ra1 Kh7 1/2-1/2

[Event "35. Kieler Open 2023"]
[Site "Kiel"]
[Date "2023.08.03"]
[Round "8.14"]
[White "Schalla, Dieter"]
[Black "Riechenberg, Sebastian"]
[Result "1/2-1/2"]
[WhiteElo "1931"]
[BlackElo "1661"]
[PlyCount "72"]
[EventDate "2023.??.??"]

1. c4 c5 2. g3 Nc6 3. Bg2 g6 4. Nc3 Bg7 5. Nf3 Nf6 6. O-O O-O 7. d4 cxd4 8.
Nxd4 Nxd4 9. Qxd4 d6 10. Qd3 Nd7 11. b3 Nc5 12. Qd2 Bd7 13. Bb2 Qa5 14. Qc2 Bc6
15. Nd5 Bxd5 16. Bxd5 Bxb2 17. Qxb2 Qc7 18. Rfd1 Nd7 19. Qd4 Rac8 20. Qxa7 Nc5
21. Qa3 e6 22. Bf3 f5 23. Qb2 e5 24. Qd2 e4 25. Bg2 Rcd8 26. Qd5+ Rf7 27. f3
exf3 28. Bxf3 Qe7 29. Qd4 Ne6 30. Qe3 Qf6 31. Bd5 Re8 32. Rab1 Rfe7 33. Qf2 Kg7
34. Bxe6 Rxe6 35. Rd2 Re4 36. Rbd1 Qe5 1/2-1/2

[Event "35. Kieler Open 2023"]
[Site "Kiel"]
[Date "2023.08.03"]
[Round "8.15"]
[White "Hubert, Charlotte"]
[Black "Muslumzada, Roya"]
[Result "1-0"]
[WhiteElo "1897"]
[BlackElo "1508"]
[PlyCount "97"]
[EventDate "2023.??.??"]

1. e4 c6 2. Nf3 d5 3. Nc3 Nf6 4. e5 Ne4 5. Ne2 Bg4 6. Nfg1 Bxe2 7. Bxe2 Nc5 8.
d4 Ne6 9. Nf3 Qa5+ 10. c3 Nd7 11. O-O g6 12. Nh4 Ng7 13. b4 Qc7 14. c4 dxc4 15.
e6 Nxe6 16. Bxc4 Qd6 17. Bb2 Nf6 18. d5 Nc7 19. Qf3 Bh6 20. Bxf6 Qxf6 21. Qxf6
exf6 22. Rfe1+ Kf8 23. d6 Ne8 24. d7 Nd6 25. Rad1 Bf4 26. g3 Be5 27. Nf3 Ke7
28. Nxe5 fxe5 29. Rxe5+ Kxd7 30. Bxf7 Rhf8 31. Be6+ Kc7 32. f4 Rad8 33. Rde1
Rfe8 34. g4 Nb5 35. f5 Nd4 36. Kf2 Rf8 37. Kg3 g5 38. Bc4 Rd7 39. R1e4 Rfd8 40.
f6 b5 41. Bf1 Rd6 42. Re7+ R6d7 43. f7 Nc2 44. Rxd7+ Kxd7 45. Bd3 Nxb4 46. Rxb4
Rf8 47. Bxh7 Rxf7 48. Bf5+ Kd6 49. h4 1-0

[Event "35. Kieler Open 2023"]
[Site "Kiel"]
[Date "2023.08.03"]
[Round "8.16"]
[White "Braeutigam, Katerina"]
[Black "Harutyunyan, Hovhannes"]
[Result "1-0"]
[WhiteElo "1884"]
[BlackElo "1637"]
[PlyCount "121"]
[EventDate "2023.??.??"]

1. e4 e6 2. d4 d5 3. e5 c5 4. c3 Nc6 5. Nf3 cxd4 6. cxd4 Nge7 7. Bd3 Nf5 8.
Bxf5 exf5 9. O-O Be7 10. Nc3 Be6 11. Ne1 g5 12. f4 g4 13. Nc2 Rg8 14. Ne3 Qd7
15. a3 Rc8 16. Ne2 h5 17. b4 f6 18. Qd3 h4 19. Kh1 Kf7 20. Bd2 Rg6 21. b5 Nb8
22. Bb4 Bxb4 23. axb4 b6 24. Ra3 Kg8 25. Rfa1 Rc7 26. exf6 Rxf6 27. Nc3 Rf7 28.
Re1 Qd6 29. Rb3 Nd7 30. Nxg4 Qxf4 31. Ne5 Nxe5 32. Rxe5 Bd7 33. Rb1 Rg7 34. Rg1
Qg5 35. Nxd5 Rc1 36. Re2 Rxg1+ 37. Kxg1 f4 38. Qf3 Bxb5 39. Re5 Qg6 40. Nxf4
Qb1+ 41. Kf2 Qb2+ 42. Ke3 Qxb4 43. Qa8+ Kf7 44. Qd5+ Kf8 45. Ne6+ Kg8 46. Nxg7+
Kxg7 47. Rg5+ Kf8 48. Qf5+ Ke7 49. Qxb5 Qe1+ 50. Kf3 Qc3+ 51. Ke2 Qc2+ 52. Ke1
Qc1+ 53. Ke2 Qc2+ 54. Kf3 Qc3+ 55. Ke4 Qe1+ 56. Kf3 Qc3+ 57. Ke4 Qe1+ 58. Kf5
Qf2+ 59. Kg6 Qf7+ 60. Kh6 Qe6+ 61. Rg6 1-0

[Event "35. Kieler Open 2023"]
[Site "Kiel"]
[Date "2023.08.03"]
[Round "8.17"]
[White "Pirtac, Alexandru"]
[Black "Aguike, Toshiya"]
[Result "1-0"]
[WhiteElo "1848"]
[BlackElo "1476"]
[PlyCount "55"]
[EventDate "2023.??.??"]

1. e4 e5 2. Bc4 Nc6 3. d3 Bc5 4. a3 a5 5. Nc3 d6 6. Nge2 Nf6 7. h3 O-O 8. O-O
Nh5 9. Kh2 Qh4 10. f4 Bf2 11. f5 g6 12. Bh6 Re8 13. Qd2 Bg3+ 14. Kh1 Bf4 15.
Nxf4 Ng3+ 16. Kh2 Nxf1+ 17. Rxf1 Qxh6 18. fxg6 hxg6 19. Bxf7+ Kg7 20. Bxe8 exf4
21. Bxc6 bxc6 22. Rxf4 Be6 23. Ne2 Rh8 24. Qc3+ Kg8 25. Qxc6 g5 26. Qe8+ Kh7
27. Qe7+ Kg8 28. Rf6 1-0

[Event "35. Kieler Open 2023"]
[Site "Kiel"]
[Date "2023.08.03"]
[Round "8.18"]
[White "Hebbinghaus, Holger"]
[Black "Dittmar, Markus"]
[Result "1-0"]
[WhiteElo "2223"]
[BlackElo "1778"]
[PlyCount "65"]
[EventDate "2023.??.??"]

1. d4 Nf6 2. Nc3 g6 3. Bf4 Bg7 4. e4 d6 5. Qd2 O-O 6. O-O-O c6 7. f3 b5 8. Kb1
a5 9. Bh6 Qb6 10. h4 a4 11. h5 b4 12. Nce2 b3 13. cxb3 axb3 14. a3 d5 15. Bxg7
Kxg7 16. Ng3 dxe4 17. fxe4 Bg4 18. hxg6 fxg6 19. Qh6+ Kf7 20. Nf3 Bxf3 21. gxf3
Rh8 22. Bc4+ Ke8 23. e5 Nd5 24. Ne4 Ra4 25. Bxd5 cxd5 26. Qg7 Rf8 27. Rxh7 Qe6
28. Nc5 Qf5+ 29. Ka1 Ra7 30. Rh8 Rxh8 31. Qxh8+ Qf8 32. Qxf8+ Kxf8 33. Nxb3 1-0

[Event "35. Kieler Open 2023"]
[Site "Kiel"]
[Date "2023.08.03"]
[Round "8.19"]
[White "Rahtkens, Kay"]
[Black "Horn, Peter"]
[Result "0-1"]
[WhiteElo "1759"]
[BlackElo "2085"]
[PlyCount "66"]
[EventDate "2023.??.??"]

1. Nf3 d5 2. e3 Nf6 3. b3 c6 4. Bb2 Bg4 5. h3 Bxf3 6. Qxf3 Nbd7 7. c4 e6 8. Nc3
Bd6 9. d4 Qe7 10. c5 Bc7 11. Bd3 e5 12. Qe2 O-O 13. g4 e4 14. Bc2 b6 15. Na4
bxc5 16. dxc5 Nxc5 17. Nxc5 Qxc5 18. O-O-O Nd7 19. f4 exf3 20. Qxf3 Rfe8 21.
Kb1 Qe7 22. g5 Be5 23. h4 Bxb2 24. Kxb2 a5 25. Rdf1 a4 26. h5 axb3 27. Bxb3 Ne5
28. Qf5 Nc4+ 29. Bxc4 dxc4 30. g6 Qb4+ 31. Kc1 Qa3+ 32. Kd1 Rad8+ 33. Kc2 Qxa2+
0-1

[Event "35. Kieler Open 2023"]
[Site "Kiel"]
[Date "2023.08.03"]
[Round "8.20"]
[White "Thielemann, Joachim"]
[Black "Schaefer, Martin"]
[Result "0-1"]
[WhiteElo "1727"]
[BlackElo "1929"]
[PlyCount "118"]
[EventDate "2023.??.??"]

1. e4 c5 2. Nc3 Nc6 3. g3 Rb8 4. Bg2 b5 5. a3 g6 6. d3 Bg7 7. Bd2 e6 8. Nge2 d6
9. Qc1 Nd4 10. Nxd4 cxd4 11. Ne2 Bb7 12. O-O Qb6 13. h3 a5 14. b4 a4 15. g4 Rc8
16. Qd1 h5 17. f4 hxg4 18. hxg4 Ne7 19. Rc1 f5 20. Ng3 Kd7 21. Qe2 Rh4 22. Bf3
Rch8 23. Rf2 Rh3 24. Rg2 Bf6 25. g5 Bg7 26. Re1 e5 27. Qf2 R3h4 28. Bd1 Rf8 29.
Rh2 Rxh2 30. Kxh2 Kc7 31. c4 dxc3 32. Qxb6+ Kxb6 33. Bxc3 fxe4 34. Nxe4 Rxf4
35. Kg2 Kc7 36. Kh3 Bc8+ 37. Kg2 Nd5 38. Bd2 Rh4 39. Kg3 Rh3+ 40. Kf2 Rxd3 41.
Re2 Bf5 42. Ng3 Bg4 43. Ne4 Rf3+ 44. Kg2 Rxa3 45. Re1 Bxd1 46. Rxd1 Rd3 47. Re1
Kd7 48. Kf2 Rb3 49. Rh1 Bf8 50. Rh7+ Ke6 51. Rb7 Nxb4 52. Ke2 Nd5 53. Rb8 Be7
54. Ra8 a3 55. Ra6 b4 56. Nc5+ Kf5 57. Nxb3 Nf4+ 58. Ke3 d5 59. Ra5 Bxg5 0-1

[Event "35. Kieler Open 2023"]
[Site "Kiel"]
[Date "2023.08.04"]
[Round "9.1"]
[White "Fenner, Martin"]
[Black "Browning, Alex"]
[Result "0-1"]
[WhiteElo "1888"]
[BlackElo "2341"]
[PlyCount "56"]
[EventDate "2023.??.??"]

1. g3 g6 2. Bg2 Bg7 3. e4 c5 4. f4 Nc6 5. d3 d6 6. Nf3 e6 7. O-O Nge7 8. Na3 d5
9. c3 O-O 10. Rb1 b6 11. e5 Ba6 12. b4 cxb4 13. cxb4 b5 14. Nc2 d4 15. Bb2 Qb6
16. Ng5 Rad8 17. Qe1 Bb7 18. Qf2 Nf5 19. Rfe1 Ba8 20. Ne4 Ne3 21. Nxe3 dxe3 22.
Qxe3 Rxd3 23. Qxb6 axb6 24. Bf1 Rdd8 25. Nd6 Nxb4 26. a3 Nd5 27. Bd4 Rxd6 28.
exd6 Bxd4+ 0-1

[Event "35. Kieler Open 2023"]
[Site "Kiel"]
[Date "2023.08.04"]
[Round "9.3"]
[White "Dreesen, Jan"]
[Black "Betsakos, Konstantinos"]
[Result "0-1"]
[WhiteElo "2175"]
[BlackElo "2110"]
[PlyCount "80"]
[EventDate "2023.??.??"]

1. d4 Nf6 2. Nf3 d5 3. e3 e6 4. Bd3 c5 5. b3 Qc7 6. Bb2 Nbd7 7. Ne5 Nxe5 8.
dxe5 Nd7 9. f4 c4 10. Be2 Bb4+ 11. Bc3 cxb3 12. Bxb4 b2 13. Nc3 bxa1=Q 14. Qxa1
a6 15. Bd6 Qb6 16. O-O Qxe3+ 17. Kh1 b6 18. Qe1 Bb7 19. Rf3 Qd4 20. Qh4 f6 21.
Rd3 Qc4 22. Rg3 Qd4 23. Bh5+ g6 24. Bxg6+ Kd8 25. Rd3 Qc4 26. exf6 Bc6 27. Bh5
Kc8 28. Be2 Kb7 29. Qh3 Nc5 30. Rg3 Qd4 31. Rg7+ Nd7 32. Qxe6 Rad8 33. Be5 Qe3
34. h3 d4 35. Qd6 Qxc3 36. Bg4 Qc5 37. Qc7+ Ka8 38. Bd6 Qc3 39. Bxd7 Rxd7 40.
Rxd7 Qxh3+ 0-1

[Event "35. Kieler Open 2023"]
[Site "Kiel"]
[Date "2023.08.04"]
[Round "9.4"]
[White "Wunder, Niklas"]
[Black "Bach, Matthias"]
[Result "1/2-1/2"]
[WhiteElo "2070"]
[BlackElo "2215"]
[PlyCount "84"]
[EventDate "2023.??.??"]

1. d4 Nf6 2. c4 g6 3. Nc3 Bg7 4. e4 d6 5. Nf3 O-O 6. Be2 Nbd7 7. O-O e5 8. Be3
c6 9. d5 Qc7 10. Nd2 Kh8 11. b4 a5 12. dxc6 bxc6 13. a3 Ng8 14. Nb3 axb4 15.
axb4 Bb7 16. Qd2 f5 17. f3 Ngf6 18. Na5 Rfd8 19. Nxb7 Qxb7 20. Rxa8 Qxa8 21.
exf5 gxf5 22. Qxd6 Nf8 23. Qc7 f4 24. Bb6 Rd7 25. Qxe5 Nd5 26. Qf5 Nxb6 27. Ne4
Qa2 28. Re1 Nxc4 29. Qxf4 Nd2 30. b5 Qa7+ 31. Kh1 Nxe4 32. Qxe4 Qa5 33. Rb1
cxb5 34. g3 Rd4 35. Qf5 Rd2 36. Qxb5 Qa2 37. Re1 Qe6 38. Qc4 Qe3 39. Qg8+ Kxg8
40. Bc4+ Kh8 41. Rxe3 Bd4 42. Rd3 Rxd3 1/2-1/2

[Event "35. Kieler Open 2023"]
[Site "Kiel"]
[Date "2023.08.04"]
[Round "9.5"]
[White "Saglam, Buelent"]
[Black "Lutze, Max"]
[Result "1-0"]
[WhiteElo "2109"]
[BlackElo "1936"]
[PlyCount "81"]
[EventDate "2023.??.??"]

1. e4 c5 2. Nf3 Nc6 3. c4 g6 4. d4 cxd4 5. Nxd4 Nf6 6. Nc3 d6 7. Be3 Ng4 8.
Nxc6 bxc6 9. Bf4 Qb6 10. Qd2 Bg7 11. Rc1 e5 12. Bg5 f6 13. c5 Qxc5 14. Nb5
Qxf2+ 15. Qxf2 Nxf2 16. Nxd6+ Kd7 17. Kxf2 Kxd6 18. Be3 Be6 19. Ba6 Kc7 20. b4
Rhd8 21. b5 Rd6 22. Rc2 Bc8 23. Rhc1 Bxa6 24. Rxc6+ Rxc6 25. Rxc6+ Kb7 26. Rxa6
f5 27. Re6 Rc8 28. Re7+ Rc7 29. Rxc7+ Kxc7 30. Bxa7 Bf8 31. a4 f4 32. a5 Kb7
33. Bb6 Be7 34. Kf3 h5 35. Bf2 g5 36. h3 Bb4 37. a6+ Kb8 38. Bg1 Kc7 39. Ba7
Ba5 40. Bc5 Bb6 41. a7 1-0

[Event "35. Kieler Open 2023"]
[Site "Kiel"]
[Date "2023.08.04"]
[Round "9.7"]
[White "Basey, Matthew"]
[Black "Hubert, Charlotte"]
[Result "1-0"]
[WhiteElo "2002"]
[BlackElo "1897"]
[PlyCount "77"]
[EventDate "2023.??.??"]

1. d4 Nf6 2. Nf3 e6 3. c4 d5 4. cxd5 exd5 5. Nc3 c6 6. Qc2 g6 7. Bg5 Be7 8.
Bxf6 Bxf6 9. e3 Bf5 10. Bd3 Bxd3 11. Qxd3 O-O 12. h4 Nd7 13. h5 Re8 14. O-O-O
b5 15. Kb1 Qa5 16. hxg6 fxg6 17. Ne2 Nf8 18. Nf4 Rac8 19. Rh3 Qc7 20. Rdh1 Re7
21. Rg3 Rg7 22. Rgh3 Qd7 23. Rh6 a5 24. Nh5 Rf7 25. Nxf6+ Rxf6 26. Ne5 Qf5 27.
Qxf5 Rxf5 28. f4 Rc7 29. g4 Rf6 30. g5 Rf5 31. Rc1 Rxe5 32. dxe5 Kf7 33. f5
gxf5 34. Rf1 Kg7 35. Rf6 Nd7 36. R6xf5 Nc5 37. Rc1 Ne4 38. e6 Nd6 39. Rxd5 1-0

[Event "35. Kieler Open 2023"]
[Site "Kiel"]
[Date "2023.08.04"]
[Round "9.8"]
[White "Dittmann, Hans-Adolf"]
[Black "Pirtac, Alexandru"]
[Result "1-0"]
[WhiteElo "1989"]
[BlackElo "1848"]
[PlyCount "87"]
[EventDate "2023.??.??"]

1. e4 c5 2. Nf3 e6 3. d4 cxd4 4. Nxd4 Nf6 5. Bd3 Nc6 6. Nxc6 bxc6 7. O-O Qc7 8.
Qe2 h5 9. e5 Ng4 10. f4 Bc5+ 11. Kh1 Qd8 12. g3 Qb6 13. Nd2 Nf2+ 14. Rxf2 Bxf2
15. Nc4 Qc5 16. Nd6+ Ke7 17. Ne4 Qd5 18. Qxf2 Ba6 19. Qc5+ Qxc5 20. Nxc5 Bxd3
21. Nxd3 h4 22. Kg2 hxg3 23. hxg3 Rh5 24. Be3 Rah8 25. Bc5+ Ke8 26. Nf2 f6 27.
Bd6 f5 28. a4 g5 29. fxg5 Rxg5 30. Ra3 Rhg8 31. Rb3 Kf7 32. Rd3 f4 33. g4 Ke8
34. Kf3 R5g7 35. Rb3 Kf7 36. Rb4 Kg6 37. Rxf4 Rf7 38. b4 Rxf4+ 39. Kxf4 Ra8 40.
a5 Rh8 41. Ne4 Rh2 42. c3 Rc2 43. Bc5 a6 44. Bd4 1-0

[Event "35. Kieler Open 2023"]
[Site "Kiel"]
[Date "2023.08.04"]
[Round "9.9"]
[White "Kieselbach, Marvin"]
[Black "Hebbinghaus, Holger"]
[Result "1/2-1/2"]
[WhiteElo "1870"]
[BlackElo "2223"]
[PlyCount "22"]
[EventDate "2023.??.??"]

1. e4 c6 2. Nf3 d5 3. d3 dxe4 4. dxe4 Qxd1+ 5. Kxd1 Nf6 6. Nfd2 g6 7. a4 Be6 8.
f3 Bh6 9. Nb3 Bxc1 10. Nxc1 Nbd7 11. c3 O-O-O 1/2-1/2

[Event "35. Kieler Open 2023"]
[Site "Kiel"]
[Date "2023.08.04"]
[Round "9.10"]
[White "Horn, Peter"]
[Black "Quiring, Nikolai"]
[Result "1/2-1/2"]
[WhiteElo "2085"]
[BlackElo "1849"]
[PlyCount "32"]
[EventDate "2023.??.??"]

1. Nf3 d5 2. g3 Nc6 3. d4 Bg4 4. Bg2 Bxf3 5. Bxf3 Nf6 6. c4 e6 7. Nc3 Bb4 8.
O-O Bxc3 9. bxc3 O-O 10. Rb1 Na5 11. cxd5 exd5 12. Bg5 c6 13. e4 dxe4 14. Bxe4
h6 15. Bxf6 Qxf6 16. Re1 Rad8 1/2-1/2

[Event "35. Kieler Open 2023"]
[Site "Kiel"]
[Date "2023.08.04"]
[Round "9.11"]
[White "Vollbehr, Bjarne"]
[Black "Blietschau, Volker"]
[Result "1-0"]
[WhiteElo "1827"]
[BlackElo "2007"]
[PlyCount "47"]
[EventDate "2023.??.??"]

1. d4 d5 2. Nf3 Nf6 3. g3 c5 4. Bg2 Nc6 5. O-O cxd4 6. Nxd4 e5 7. Nxc6 bxc6 8.
c4 Bb7 9. Bg5 Be7 10. cxd5 Nxd5 11. Bxe7 Qxe7 12. Qa4 O-O 13. Rd1 Rfd8 14. Nc3
Nxc3 15. Rxd8+ Rxd8 16. bxc3 Qc5 17. Rb1 Ba8 18. Qb4 Qxb4 19. cxb4 a6 20. Rc1
Rd2 21. b5 Rd7 22. bxc6 Rc7 23. Rd1 Rc8 24. c7 1-0

[Event "35. Kieler Open 2023"]
[Site "Kiel"]
[Date "2023.08.04"]
[Round "9.12"]
[White "Guyer, Marlon"]
[Black "Basener, Winfried"]
[Result "1/2-1/2"]
[WhiteElo "1806"]
[BlackElo "2001"]
[PlyCount "45"]
[EventDate "2023.??.??"]

1. e4 c5 2. Nf3 Nc6 3. d4 cxd4 4. Nxd4 g6 5. c4 Bg7 6. Be3 d6 7. Nc3 Nf6 8. Be2
O-O 9. O-O Bd7 10. Qd2 Nxd4 11. Bxd4 Bc6 12. f3 Nd7 13. Be3 Nc5 14. b4 Ne6 15.
Rac1 b6 16. Nd5 Rc8 17. Bd1 Nc7 18. Bb3 Qd7 19. Rc2 Nxd5 20. exd5 Ba4 21. Re1
Bxb3 22. axb3 Qf5 23. Ra2 1/2-1/2

[Event "35. Kieler Open 2023"]
[Site "Kiel"]
[Date "2023.08.04"]
[Round "9.13"]
[White "Kieselbach, Jannik"]
[Black "Busse, Tom Niklas"]
[Result "1/2-1/2"]
[WhiteElo "1757"]
[BlackElo "1984"]
[PlyCount "39"]
[EventDate "2023.??.??"]

1. e4 c6 2. Nc3 d5 3. Nf3 dxe4 4. Nxe4 Nf6 5. Nxf6+ exf6 6. d4 Bd6 7. Bd3 O-O
8. O-O Bg4 9. h3 Bh5 10. Bf5 Na6 11. a3 Nc7 12. Qd3 Bg6 13. Nh4 Bxf5 14. Nxf5
Re8 15. Bd2 Ne6 16. Rfe1 Bc7 17. c3 g6 18. Ng3 h5 19. Rad1 Qd6 20. Qf3 1/2-1/2

[Event "35. Kieler Open 2023"]
[Site "Kiel"]
[Date "2023.08.04"]
[Round "9.14"]
[White "Ufen, Soenke"]
[Black "Topalov, Mihail"]
[Result "0-1"]
[WhiteElo "1900"]
[BlackElo "1936"]
[PlyCount "60"]
[EventDate "2023.??.??"]

1. d4 Nf6 2. c4 g6 3. h4 Bg7 4. Nc3 d5 5. h5 Nxh5 6. cxd5 e6 7. dxe6 Bxe6 8.
Nf3 Nd7 9. g3 Nb6 10. Bg2 c6 11. b3 Nf6 12. Bb2 Nbd5 13. Ng5 Nxc3 14. Bxc3 Bg4
15. Qd3 h6 16. Ne4 Nd5 17. Bd2 Bf5 18. Bh3 Bxh3 19. Rxh3 Qd7 20. Rh4 b6 21. Rd1
O-O-O 22. Nc3 g5 23. Rh1 Nb4 24. Qc4 Nc2+ 25. Kf1 Nxd4 26. Be3 Qe6 27. Bxd4
Qxc4 28. bxc4 Bxd4 29. Nb1 Bg7 30. Nd2 Bc3 0-1

[Event "35. Kieler Open 2023"]
[Site "Kiel"]
[Date "2023.08.04"]
[Round "9.15"]
[White "Riechenberg, Maximilian"]
[Black "Schalla, Dieter"]
[Result "1-0"]
[WhiteElo "1742"]
[BlackElo "1931"]
[PlyCount "49"]
[EventDate "2023.??.??"]

1. e4 c5 2. Nf3 d6 3. d4 cxd4 4. Nxd4 g6 5. Nc3 Bg7 6. Be3 Nf6 7. f3 Nc6 8. Bc4
O-O 9. Qd2 Bd7 10. Bb3 Na5 11. h4 h5 12. Bh6 Rc8 13. O-O-O Nxb3+ 14. Nxb3 Kh7
15. Bxg7 Kxg7 16. Qg5 Qc7 17. g4 Be6 18. gxh5 Nxh5 19. Nd4 Qd7 20. Rhg1 Rh8 21.
f4 Rc5 22. f5 Bc4 23. Qe3 Rhc8 24. fxg6 f6 25. Nf5+ 1-0

[Event "35. Kieler Open 2023"]
[Site "Kiel"]
[Date "2023.08.04"]
[Round "9.16"]
[White "Schaefer, Martin"]
[Black "Bendixen, Matthes"]
[Result "0-1"]
[WhiteElo "1929"]
[BlackElo "1798"]
[PlyCount "64"]
[EventDate "2023.??.??"]

1. d4 c6 2. c4 d5 3. Nf3 Nf6 4. Qc2 dxc4 5. Qxc4 Bf5 6. Nc3 Nbd7 7. g3 e6 8.
Bg2 Be7 9. O-O O-O 10. a4 c5 11. a5 Rc8 12. Qb5 a6 13. Qa4 cxd4 14. Nxd4 Nc5
15. Qd1 Bg6 16. Bf4 Nfe4 17. Nxe4 Bxe4 18. f3 Bg6 19. e4 Bf6 20. e5 Be7 21. Be3
Nd3 22. f4 Nxb2 23. Qb3 Nc4 24. Rfd1 Nxe3 25. Nc6 Nxd1 26. Nxd8 Bc5+ 27. Kh1
Nf2+ 28. Kg1 Rfxd8 29. Bxb7 Rb8 30. Qf3 Ng4+ 31. Kh1 Rxb7 32. h3 Be4 0-1

[Event "35. Kieler Open 2023"]
[Site "Kiel"]
[Date "2023.08.04"]
[Round "9.17"]
[White "Hufendiek, Ekkehard"]
[Black "Riechenberg, Sebastian"]
[Result "1/2-1/2"]
[WhiteElo "1912"]
[BlackElo "1661"]
[PlyCount "141"]
[EventDate "2023.??.??"]

1. e4 e5 2. Nf3 Nc6 3. Nc3 Nf6 4. d4 exd4 5. Nxd4 Bb4 6. Nxc6 bxc6 7. Bd3 d5 8.
exd5 cxd5 9. O-O O-O 10. Bg5 c6 11. Qf3 h6 12. Bxf6 Qxf6 13. Qxf6 gxf6 14. Ne2
Rb8 15. Ng3 Bd6 16. b3 Be5 17. Rae1 c5 18. f4 Bd4+ 19. Kh1 Be6 20. Nf5 Bxf5 21.
Bxf5 Rfe8 22. Bd7 Re3 23. Rxe3 Bxe3 24. Rf3 d4 25. Rf1 Rb7 26. Bf5 Re7 27. g3
Bd2 28. Bd3 Re1 29. Kg2 Rxf1 30. Bxf1 Kf8 31. Kf3 a5 32. Ke4 Bc3 33. Kf5 Kg8
34. Bd3 Kg7 35. Ke4 Kf8 36. Kd5 Bb4 37. Be2 Ke7 38. Kc6 Ba3 39. Kb5 Bb4 40. Bc4
Kd6 41. Bxf7 Be1 42. Bh5 Bd2 43. Bf3 Be1 44. a4 Bb4 45. Kb6 Ke7 46. Kc6 Kf7 47.
Kd7 Kg7 48. Ke6 Be1 49. Bc6 Bd2 50. Be8 Bb4 51. Kf5 Be1 52. Bb5 Bd2 53. Be2 Be1
54. Bc4 Bd2 55. g4 Bc1 56. h4 Bd2 57. g5 hxg5 58. fxg5 fxg5 59. hxg5 Be1 60.
Bd3 Bd2 61. Ke6 Be1 62. Kd5 Bb4 63. Kc4 Kg8 64. c3 dxc3 65. Bc2 Kg7 66. Kd5 Kf8
67. Kc6 Kg7 68. Kd5 Ba3 69. Ke6 Bb4 70. Bd3 Ba3 71. Bc2 1/2-1/2